ČSSR zdravotnictví 1985

Saved in:
Bibliographic Details
Format: Book
Language:Czech
Published: Praha Ústav zdravotnických informací a statistiky 1985
Tags: Add Tag
No Tags, Be the first to tag this record!

MARC

LEADER 00000nam a2200000 4500
001 c104727
005 20251111093028.3
041 0 |a cze 
044 |a CZ 
245 1 0 |a ČSSR zdravotnictví 1985 
264 1 |a Praha  |b Ústav zdravotnických informací a statistiky  |c 1985 
300 |a 477 s.